000 00495nam a2200181Ia 4500
005 20250326124913.0
008 250326s9999 xx 000 0 und d
037 _aTextbook
040 _aFMSL
_beng
_cFMSL
041 _aeng
_2eng
084 _aX:8F K3;7
_qFMSL
100 _aBeishline J R
_9736673
245 0 _aManagerial accounting
_cBeishline J R
260 _aNY
_bNY, Van Nostrand East-West
_c1963
300 _a268p
942 _cTB
_hX:8F K3;7
999 _c1275712
_d1275712